Design Ethnography (Record no. 35130)
[ view plain ]
| 000 -LEADER | |
|---|---|
| fixed length control field | 00793nam a2200121Ia 4500 |
| 008 - FIXED-LENGTH DATA ELEMENTS--GENERAL INFORMATION | |
| fixed length control field | 220620s9999||||xx |||||||||||||| ||und|| |
| 100 ## - MAIN ENTRY--PERSONAL NAME | |
| Personal name | Müller, Francis |
| 245 #0 - TITLE STATEMENT | |
| Title | Design Ethnography |
| Remainder of title | Epistemology and Methodology |
| 546 ## - LANGUAGE NOTE | |
| Language note | English[eng] |
| 650 ## - SUBJECT ADDED ENTRY--TOPICAL TERM | |
| Topical term or geographic name entry element | Ethnography||Design, general||Computer Appl. in Arts and Humanities||Design||Computer and Information Systems Applications||Blind Spot||Design Ethnography||Design Research||Epistemology||Ethnographic Interview||Ethnographic Observation||Intervention||Participative Action Research||Visual Ethnography||Open Access||Social & cultural anthropology||Fine arts: art forms||Computer applications in the arts & humanities |
| 856 ## - ELECTRONIC LOCATION AND ACCESS | |
| Uniform Resource Identifier | <a href="https://library.oapen.org/bitstream/20.500.12657/46115/1/2021_Book_DesignEthnography.pdf">https://library.oapen.org/bitstream/20.500.12657/46115/1/2021_Book_DesignEthnography.pdf</a> |
| 942 ## - ADDED ENTRY ELEMENTS (KOHA) | |
| Koha item type | E-Books |
| Withdrawn status | Lost status | Damaged status | Not for loan | Home library | Current library | Date acquired | Total Checkouts | Date last seen | Price effective from | Koha item type |
|---|---|---|---|---|---|---|---|---|---|---|
| Kerala University of Digital Sciences, Innovation and Technology Knowledge Centre | Kerala University of Digital Sciences, Innovation and Technology Knowledge Centre | 20/06/2022 | 20/06/2022 | 20/06/2022 | E-Books |